000 00567nam a2200193Ia 4500
005 20260114185631.0
008 008 260114s9999 xx 000 0 eng d
020 _a9781472895264
037 _aEBOOK
040 _aCRL
_beng
_cCRL
041 _aeng
_2eng
084 _qCRL
100 _aGeoffrey Jukes
_9872476
245 4 _aThe First World War (1) The Eastern Front 1914?1918
260 _bBloomsbury
_c2016
856 _uhttps://doi.org/10.5040/9781472895264?locatt=label:secondary_bloomsburyCollections
942 _cEBOOK
999 _c1471424
_d1471424